| 000 | 01439nam a2200373Ia 4500 | ||
|---|---|---|---|
| 001 | ebr10096098 | ||
| 003 | CaPaEBR | ||
| 006 | m u | ||
| 007 | cr cn||||||||| | ||
| 008 | 050124s2004 enk sb 001 0 eng d | ||
| 010 | _z 2005270995 | ||
| 020 | _z0719068185 | ||
| 020 | _z0719068193 (pbk.) | ||
| 040 |
_aCaPaEBR _cCaPaEBR |
||
| 035 | _a(OCoLC)567985350 | ||
| 050 | 1 | 4 |
_aJK271 _b.A788 2004eb |
| 082 | 0 | 4 |
_a320.973 _222 |
| 100 | 1 | _aAshbee, Edward. | |
| 245 | 1 | 0 |
_aUS politics today _h[electronic resource] / _cEdward Ashbee. |
| 246 | 3 | _aU.S. politics today | |
| 246 | 3 | _aUnited States politics today | |
| 250 | _a2nd ed. | ||
| 260 |
_aManchester ; _aNew York : _bManchester University Press ; _aNew York : _bDistributed exclusively in the USA by Palgrave, _c2004. |
||
| 300 | _axii, 314 p. | ||
| 490 | 1 | _aPolitics today | |
| 504 | _aIncludes bibliographical references and index. | ||
| 533 |
_aElectronic reproduction. _bPalo Alto, Calif. : _cebrary, _d2009. _nAvailable via World Wide Web. _nAccess may be limited to ebrary affiliated libraries. |
||
| 650 | 0 |
_aPublic administration _zUnited States. |
|
| 651 | 0 |
_aUnited States _xPolitics and government. |
|
| 655 | 7 |
_aElectronic books. _2local |
|
| 710 | 2 | _aebrary, Inc. | |
| 830 | 0 | _aPolitics today (Manchester, England) | |
| 856 | 4 | 0 |
_uhttp://site.ebrary.com/lib/rucke/Doc?id=10096098 _zAn electronic book accessible through the World Wide Web; click to view |
| 999 |
_c98072 _d98072 |
||